000 00582nam a2200229Ia 4500
003 OSt
005 20221006151754.0
006 a|||||r|||| 00| 0
007 ta
008 221006b |||||||| |||| 00| 0 eng d
020 _c260.00
024 _a23,303
037 _cTextual
040 _aEASL
_cEASL
_beng
041 _2eng
_aeng
100 _aCHAPMAN J W M etc.
_9659969
245 0 _aJapan's quest for comprehensive security
260 _an
_bFrancis Pinter
_c1983
300 _a259p.
_ccm.
942 _cTEXL
_2CC
999 _c1091389
_d1091389